Histoire de la guerre du Péloponnèse (Record no. 166713)

MARC details
000 -LEADER
campo de control de longitud fija 00760nam a22002055i 4500
001 - NÚMERO DE CONTROL
campo de control 166713
003 - IDENTIFICADOR DE NÚMERO DE CONTROL
campo de control ES-MaACL
005 - FECHA Y HORA DE LA ÚLTIMA TRANSACCIÓN
campo de control 20230906213403.0
008 - DATOS DE LONGITUD FIJA--INFORMACIÓN GENERAL
campo de control de longitud fija 940206s1886 fr |||| | fre d
040 ## - FUENTE DE CATALOGACIÓN
Centro catalogador/agencia de origen CAM
Lengua de catalogación spa
100 0# - ENTRADA PRINCIPAL--NOMBRE DE PERSONA
Nombre de persona Tucidides.
9 (RLIN) 111626
245 10 - MENCIÓN DEL TÍTULO
Título Histoire de la guerre du Péloponnèse
Resto del título : texte grec /
Mención de responsabilidad, etc. Thucydide ; avec un commentaire critique et explicatif, et précédé d'une introduction par Alfred Croiset.
260 ## - PUBLICACIÓN, DISTRIBUCIÓN, ETC.
Lugar de publicación, distribución, etc. Paris, etc. :
Nombre del editor, distribuidor, etc. Hachette et Cie.,
Fecha de publicación, distribución, etc. 1886.
300 ## - DESCRIPCIÓN FÍSICA
Extensión XXVIII, 467 p. ;
Dimensiones 25 cm.
594 #1 - Nota al título y mención de responsabilidad
Nota al título y mención de responsabilidad Texto en francés y griego.
650 #4 - PUNTO DE ACCESO ADICIONAL DE MATERIA--TÉRMINO DE MATERIA
Término de materia o nombre geográfico como elemento de entrada Guerra del Peloponeso.
9 (RLIN) 136208
700 11 - ENTRADA AGREGADA--NOMBRE PERSONAL
Nombre de persona Croiset, Alfred,
Término indicativo de función/relación
9 (RLIN) 41668
710 21 - ENTRADA AGREGADA--NOMBRE DE ENTIDAD CORPORATIVA
Nombre de entidad corporativa o nombre de jurisdicción como elemento de entrada Hachette,
Término indicativo de función/relación
9 (RLIN) 134431
852 ## - LOCALIZACIÓN
Ubicación ES-MaACL
Número de control de estantería F-12334
Nota libre -- Enc. pasta española
Holdings
Estatus retirado Estado de pérdida Estado de daño No para préstamo Colección Biblioteca de origen Biblioteca actual Ubicación en estantería Fecha de adquisición Fuente de adquisición Total de préstamos Signatura topográfica completa Código de barras Visto por última vez Precio de reemplazo Tipo de ítem Koha
        Libros del s. XIX Biblioteca del Ateneo de Madrid Biblioteca del Ateneo de Madrid Sala Pecera Planta 2 17/01/2008     F-12334 1174846 23/02/2023 23/02/2023 Libro impreso antiguo